Detalles MARC
| 000 -LÍDER |
| Campo fijo de descripción fija |
02526nam a2200337 i 4500 |
| 001 - NÚMERO DE CONTROL |
| Campo de control |
768714001 |
| 003 - IDENTIFICADOR DEL NÚMERO DE CONTROL |
| Campo de control |
CO-MdFUSB |
| 005 - FECHA Y HORA DE LA ULTIMA TRANSACCIÓN |
| control field |
20200723145507.0 |
| 007 - CAMPO FIJO DE DESCRIPCIÓN FIJA--INFORMACIÓN GENERAL |
| Campo fijo de descripción fija |
ta |
| 008 - ELEMENTOS DE LONGITUD FIJA -- INFORMACIÓN GENERAL |
| Campo fijo de descripción fija -- Información general |
200402t2000 -us |||| |||| 00| 0 eng d |
| 020 ## - NÚMERO INTERNACIONAL NORMALIZADO PARA LIBROS |
| Número Internacional Normalizado del libro |
9781565635692 |
| 040 ## - FUENTE DE CATALOGACIÓN |
| Agencia de catalogación original |
CO-MdFUSB |
| Idioma de catalogación |
spa |
| Agencia que realiza la transcripción |
CO-MdFUSB |
| Agencia que realiza la modificación |
CO-MdFUSBC |
| Convenciones de la descripción |
rda |
| 041 ## - CÓDIGO DE IDIOMA |
| Código de idioma para texto/pista de sonido o título separado |
eng |
| 082 ## - NÚMERO DE CLASIFICACIÓN DECIMAL DEWEY |
| Número de la edición del Dewey |
23 |
| Número de clasificación |
226.507 |
| Clave de autor-Numero de item |
M874 |
| 100 ## - ASIENTO PRINCIPAL--NOMBRE PERSONAL |
| Nombre personal |
Morris, Leon |
| Término relacionador |
autor |
| 245 ## - TÍTULO |
| Título del Material |
Reflections on the Gospel of John |
| Mención de responsabilidad, etc. |
/ Leon Morris |
| 264 #1 - PRODUCCIÓN, PUBLICACIÓN, DISTRIBUCIÓN, MANUFACTURA, Y COPYRIGHT |
| Lugar de producción, publicación, distribución, manufactura |
Estados Unidos : |
| Nombre del productor, publicador, distribuidor |
Hendrickson Publishers, |
| Fecha de producción, publicación, distribución, manufactura, o copyright |
[2000] |
| 264 #4 - PRODUCCIÓN, PUBLICACIÓN, DISTRIBUCIÓN, MANUFACTURA, Y COPYRIGHT |
| Fecha de producción, publicación, distribución, manufactura, o copyright |
© 2000 |
| 300 ## - DESCRIPCIÓN FÍSICA |
| Extensión |
738 páginas |
| Dimensiones |
; 24 cm |
| 336 ## - TIPO DE CONTENIDO |
| Fuente |
rdacontent |
| Término de tipo de contenido |
texto |
| Código de tipo de contenido |
txt |
| 337 ## - TIPO DE MEDIO |
| Fuente |
rdamedia |
| Nombre del tipo de medio |
sin mediación |
| Código del tipo de medio |
n |
| 338 ## - TIPO DE SOPORTE |
| Fuente |
rdacarrier |
| Nombre del tipo de soporte |
volumen |
| Código Tipo de soporte |
nc |
| 500 ## - NOTA GENERAL |
| Nota General |
Colección Dawn Christina Harrell<br/> |
| 505 ## - NOTA DE CONTENIDO |
| Nota de contenido con formato preestablecido |
La palabra. - La familia de Dios. - Vimos su gloria. -- ¿Quién eres tú? -- El cordero de Dios. -- Los primeros discípulos: Andrés. -- Los primeros discípulos: Felipe. --Los primeros discípulos: Natanael. -- Una boda en Cana. -- El templo. -- Renacimiento desde arriba. -- La muerte de Cristo y la vida de los hombres. -- Juicio: un regalo de verdad. -- Él debe aumentar. -- Samaritanos y judíos.<br/>Agua viva. -- Adoración en espíritu y verdad. -- La gran cosecha. -- La curación del hijo del oficial. -- Un hombre grande sanó. -- El sábado. -- El hijo del padre. Vida y juicio. -- Testigo del hijo. - El milagro de los panes y los peces. -- El milagro en el mar. -- Maná caído del cielo. -- Pan vivo. -- La carne y la sangre. -- El espíritu da vida. |
| 520 ## - NOTA DE RESUMEN, ETC. |
| Nota de sumario, etc. |
Explore el Evangelio de Juan con uno de los grandes maestros del Nuevo Testamento, Leon Morris. Morris ha pasado muchos años dando conferencias, predicando y escribiendo sobre el Evangelio de Juan, y en este volumen expone el mensaje de Juan de una manera cautivadora.<br/>• Morris teje notas sobre el trasfondo histórico, comentarios sobre el texto griego y discusión de la teología de Juan, junto con ilustraciones y aplicaciones contemporáneas.<br/>• En lugar de proceder verso por verso, comenta unidad por unidad sobre el texto en inglés (su propia traducción del griego original).<br/>• El tono de la escritura de Morris es devocional, pero está respaldado por el peso de la erudición.<br/>• Originalmente impreso en cuatro volúmenes separados, este trabajo ahora está disponible en un volumen conveniente y duradero |
| 563 ## - NOTA DE ENCUADERNACIÓN |
| Nota de encuadernación |
Tapa dura |
| 630 07 - TITULO UNIFORME |
| Título uniforme |
Biblia. |
| Nombre de parte o sección de la obra |
Juan |
| Subdivisión de forma |
Comentarios. |
| 942 ## - TIPO DE MATERIAL (KOHA) |
| Tipo de Item KOHA |
Libros General |
| 945 ## - INFORMACIÓN LOCAL DEL REGISTRO |
| Catalogador |
JTF-925 |
| Revisión registro |
AEM-53 |